[Event "BL 2324 (Women)"]
[Site "Germany"]
[Date "2023.10.14"]
[Round "1.5"]
[White "Agrest, Inna"]
[Black "Brandt, Carina"]
[Result "1-0"]
[WhiteElo "2266"]
[BlackElo "2058"]
[PlyCount "45"]
[EventDate "2023.10.14"]
[EventType "team-tourn"]
[EventRounds "11"]
[EventCountry "GER"]
[SourceTitle "CB48_2023"]
[SourceDate "2023.11.29"]
[SourceVersion "1"]
[SourceVersionDate "2023.11.29"]
[SourceQuality "1"]
[WhiteTeam "Solingen (W)"]
[BlackTeam "Harksheide (W)"]
[WhiteTeamCountry "GER"]
[BlackTeamCountry "GER"]

1. e4 e6 2. d4 d5 3. Nc3 Bb4 4. a3 Bxc3+ 5. bxc3 dxe4 6. Qg4 f5 7. Qxg7 Qf6 8. Qxc7 Nc6 9. Bb5 Bd7 10. Bf4 Rc8 11. Qxb7 Nge7 12. Ne2 Rg8 13. g3 Nd5 14. Be5 Qd8 15. Bxc6 Rxc6 16. Qxa7 Nxc3 17. Nxc3 Rxc3 18. d5 Qc8 19. 0-0 Rxc2 20. Rab1 Qc5 21. Rb8+ Bc8 22. Qxh7 Rf8 23. d6 1-0

[Event "GER-ch Blitz (Women)"]
[Site "Viernheim"]
[Date "2023.07.15"]
[Round "2"]
[White "Brandt, Carina"]
[Black "Buchholz, Maja Patricia"]
[Result "1-0"]
[WhiteElo "2058"]
[BlackElo "1858"]
[PlyCount "94"]
[EventDate "2023.07.15"]
[EventType "tourn (blitz)"]
[EventRounds "27"]
[EventCountry "GER"]
[SourceTitle "CBM 215 Extra"]
[Source "ChessBase"]
[SourceDate "2023.09.30"]
[SourceVersion "1"]
[SourceVersionDate "2023.09.30"]
[SourceQuality "1"]

1. c4 e5 2. Nc3 f5 3. g3 Nf6 4. Bg2 d6 5. d3 Nc6 6. e3 Bd7 7. Nge2 h6 8. Rb1 g5 9. b4 Rb8 10. 0-0 Bg7 11. f4 0-0 12. a4 Qe7 13. Nd5 Nxd5 14. cxd5 Nd8 15. Kh1 c6 16. dxc6 Bxc6 17. b5 Bxg2+ 18. Kxg2 Ne6 19. Rf2 Nc5 20. Ba3 gxf4 21. exf4 e4 22. dxe4 fxe4 23. Qd5+ Kh8 24. Nd4 e3 25. Re2 Rbe8 26. a5 Qe4+ 27. Qxe4 Rxe4 28. Nc2 Rfe8 29. Rb4 Bc3 30. Rxe4 Rxe4 31. Rxe3 Rxe3 32. Nxe3 Bxa5 33. Nc4 Bc7 34. Kf3 Kg8 35. g4 b6 36. Ne3 Nb3 37. Nd5 Nd4+ 38. Ke4 Nxb5 39. Bb2 Bd8 40. Kf5 a5 41. Kg6 a4 42. Kxh6 a3 43. Ba1 Na7 44. g5 Nc6 45. g6 b5 46. f5 b4 47. f6 Ne5 1-0

[Event "GER-ch Blitz (Women)"]
[Site "Viernheim"]
[Date "2023.07.15"]
[Round "19"]
[White "Brandt, Carina"]
[Black "Novikova, Margarita"]
[Result "1-0"]
[WhiteElo "2058"]
[BlackElo "1995"]
[PlyCount "155"]
[EventDate "2023.07.15"]
[EventType "tourn (blitz)"]
[EventRounds "27"]
[EventCountry "GER"]
[SourceTitle "CBM 215 Extra"]
[Source "ChessBase"]
[SourceDate "2023.09.30"]
[SourceVersion "1"]
[SourceVersionDate "2023.09.30"]
[SourceQuality "1"]

1. e4 d5 2. exd5 Qxd5 3. Nc3 Qd6 4. Nf3 Nf6 5. g3 c6 6. Bg2 Bg4 7. 0-0 e6 8. Re1 Be7 9. d3 0-0 10. Bf4 Qb4 11. Qd2 Bd6 12. Bxd6 Qxd6 13. a4 Na6 14. h3 Bh5 15. Ne2 Nd5 16. c3 Rad8 17. d4 c5 18. dxc5 Nxc5 19. Ned4 Bxf3 20. Bxf3 e5 21. Nb5 Qe6 22. Qc2 a6 23. Na3 Qf6 24. Bg2 b6 25. Nc4 Rfe8 26. Rad1 b5 27. Bxd5 bxc4 28. Bxc4 a5 29. b4 axb4 30. cxb4 Nb7 31. Rxd8 Rxd8 32. a5 Nd6 33. Bd3 g6 34. b5 Rc8 35. Qb2 Rc5 36. b6 Rxa5 37. b7 Nxb7 38. Qxb7 Ra2 39. Qb8+ Kg7 40. Rf1 Rd2 41. Be4 Rd4 42. Bg2 h5 43. Re1 e4 44. Qf4 Qd8 45. Rxe4 Rd1+ 46. Kh2 Rd6 47. Qe5+ Kh7 48. Rf4 Rd7 49. Be4 Kg8 50. Qf6 Qe8 51. Qg5 Rd6 52. g4 Re6 53. Bf3 Re5 54. Qh6 hxg4 55. hxg4 Rc5 56. Kg3 Rc3 57. Kg2 Rc7 58. Qg5 Re7 59. Rd4 Kg7 60. Rd6 Qf8 61. Bc6 Rc7 62. Qe5+ f6 63. Qd5 Rf7 64. Rd7 Rxd7 65. Qxd7+ Kh6 66. f4 Qb8 67. Qd2 Qb6 68. Bf3 g5 69. fxg5+ fxg5 70. Qc2 Qa5 71. Qc6+ Kg7 72. Qb7+ Kh6 73. Qc6+ Kh7 74. Qd7+ Kh6 75. Qe6+ Kg7 76. Qe7+ Kh6 77. Qf6+ Kh7 78. Be4+ 1-0

[Event "GER-ch Blitz (Women)"]
[Site "Viernheim"]
[Date "2023.07.15"]
[Round "12"]
[White "Brandt, Carina"]
[Black "Ries, Jutta"]
[Result "0-1"]
[WhiteElo "2058"]
[BlackElo "2019"]
[PlyCount "94"]
[EventDate "2023.07.15"]
[EventType "tourn (blitz)"]
[EventRounds "27"]
[EventCountry "GER"]
[SourceTitle "CBM 215 Extra"]
[Source "ChessBase"]
[SourceDate "2023.09.30"]
[SourceVersion "1"]
[SourceVersionDate "2023.09.30"]
[SourceQuality "1"]

1. e4 Nf6 2. e5 Nd5 3. c4 Nb6 4. d4 d6 5. exd6 cxd6 6. Nc3 g6 7. b3 Bg7 8. Bb2 0-0 9. Be2 Nc6 10. Ne4 d5 11. cxd5 Nxd5 12. Bf3 Nf4 13. Qd2 Nd5 14. Ne2 Bf5 15. N4g3 Be6 16. 0-0 Rc8 17. Rac1 Qb6 18. Rfd1 Ncb4 19. a3 Nc6 20. b4 a5 21. bxa5 Nxa5 22. Ba1 Nb3 23. Qd3 Nxc1 24. Nxc1 Rfd8 25. Qe2 Nc3 26. Bxc3 Rxc3 27. d5 Bc8 28. Qxe7 Qc7 29. d6 Qxe7 30. dxe7 Rxd1+ 31. Bxd1 Bd7 32. Nce2 Rxa3 33. Nf4 Ra1 34. Kf1 Rxd1+ 35. Ke2 Ra1 36. Ne4 Ra8 37. Nd6 Be8 38. Nxb7 Bf6 39. Nd5 Kg7 40. Nd6 Bc6 41. Nb4 Ba4 42. Nd5 Bd7 43. Nb6 Ra2+ 44. Ke3 Bxe7 45. Nxf7 Bc5+ 46. Ke4 Bxb6 47. Ne5 Be6 0-1

[Event "GER-ch Blitz (Women)"]
[Site "Viernheim"]
[Date "2023.07.15"]
[Round "10"]
[White "Brandt, Carina"]
[Black "Wagner, Dinara"]
[Result "0-1"]
[WhiteElo "2058"]
[BlackElo "2447"]
[PlyCount "72"]
[EventDate "2023.07.15"]
[EventType "tourn (blitz)"]
[EventRounds "27"]
[EventCountry "GER"]
[SourceTitle "CBM 215 Extra"]
[Source "ChessBase"]
[SourceDate "2023.09.30"]
[SourceVersion "1"]
[SourceVersionDate "2023.09.30"]
[SourceQuality "1"]

1. e4 c5 2. c3 d5 3. exd5 Qxd5 4. d4 Nf6 5. Nf3 e6 6. Be2 Nc6 7. Be3 cxd4 8. cxd4 Be7 9. 0-0 0-0 10. Nc3 Qd6 11. Nb5 Qd8 12. Bf4 Nd5 13. Bg3 b6 14. Rc1 Bb7 15. Re1 Rc8 16. Qa4 a6 17. Nc3 b5 18. Qb3 Na5 19. Qd1 Nc4 20. Nxd5 Bxd5 21. b3 Nd6 22. Bd3 Rxc1 23. Qxc1 Qa8 24. Qf4 h6 25. Qg4 Ne8 26. Ne5 Nf6 27. Qf4 Bxg2 28. f3 Bh3 29. Qh4 Bf5 30. Bxf5 exf5 31. Qf4 Qc8 32. Rc1 Qe6 33. Rc6 Qd5 34. Qxf5 Qxd4+ 35. Kg2 Nd5 36. Nd7 Ne3+ 0-1

[Event "GER-ch Blitz (Women)"]
[Site "Viernheim"]
[Date "2023.07.15"]
[Round "20"]
[White "Ley, Sabrina"]
[Black "Brandt, Carina"]
[Result "0-1"]
[WhiteElo "1838"]
[BlackElo "2058"]
[PlyCount "52"]
[EventDate "2023.07.15"]
[EventType "tourn (blitz)"]
[EventRounds "27"]
[EventCountry "GER"]
[SourceTitle "CBM 215 Extra"]
[Source "ChessBase"]
[SourceDate "2023.09.30"]
[SourceVersion "1"]
[SourceVersionDate "2023.09.30"]
[SourceQuality "1"]

1. d4 Nf6 2. c4 g6 3. Nc3 Bg7 4. e4 d6 5. f3 0-0 6. Be3 a5 7. Qd2 Re8 8. g4 e5 9. d5 Na6 10. h4 h5 11. g5 Nd7 12. Nge2 Ndc5 13. Ng3 c6 14. 0-0-0 a4 15. Bg2 Nb4 16. Kb1 a3 17. b3 Ncd3 18. Na4 b5 19. Nb6 Rb8 20. Nxc8 Qxc8 21. Bh3 Qa6 22. Bf1 bxc4 23. dxc6 Nb2 24. Bxc4 Nxc4 25. bxc4 Qxc4 26. Rc1 Nc2+ 0-1

[Event "GER-ch Blitz (Women)"]
[Site "Viernheim"]
[Date "2023.07.15"]
[Round "7"]
[White "Sieber, Fiona"]
[Black "Brandt, Carina"]
[Result "1-0"]
[WhiteElo "2323"]
[BlackElo "2058"]
[PlyCount "76"]
[EventDate "2023.07.15"]
[EventType "tourn (blitz)"]
[EventRounds "27"]
[EventCountry "GER"]
[SourceTitle "CBM 215 Extra"]
[Source "ChessBase"]
[SourceDate "2023.09.30"]
[SourceVersion "1"]
[SourceVersionDate "2023.09.30"]
[SourceQuality "1"]

1. e4 c5 2. Nf3 a6 3. c3 e6 4. d4 d5 5. exd5 exd5 6. Be3 c4 7. b3 b5 8. a4 Bb7 9. axb5 axb5 10. Rxa8 Bxa8 11. bxc4 dxc4 12. Be2 Nf6 13. 0-0 Bd6 14. Bg5 Nbd7 15. Nbd2 Qc7 16. Qb1 Qc6 17. Re1 0-0 18. Bh4 Nd5 19. Qb2 Nf4 20. Bf1 Nb6 21. Bg3 Nbd5 22. Ne4 b4 23. Nxd6 bxc3 24. Qa3 c2 25. Nxc4 h6 26. Rc1 Re8 27. Rxc2 Qe6 28. Qc1 g5 29. Nce5 Qf6 30. Rc8 Qe6 31. Rxe8+ Qxe8 32. Qc7 Nf6 33. h4 Ne4 34. Bxf4 gxf4 35. h5 f6 36. Ng6 Ng5 37. Qc4+ Kg7 38. Qc7+ Kg8 1-0

[Event "GER-ch Blitz (Women)"]
[Site "Viernheim"]
[Date "2023.07.15"]
[Round "1"]
[White "Skibbe, Diana"]
[Black "Brandt, Carina"]
[Result "1-0"]
[WhiteElo "1938"]
[BlackElo "2058"]
[PlyCount "109"]
[EventDate "2023.07.15"]
[EventType "tourn (blitz)"]
[EventRounds "27"]
[EventCountry "GER"]
[SourceTitle "CBM 215 Extra"]
[Source "ChessBase"]
[SourceDate "2023.09.30"]
[SourceVersion "1"]
[SourceVersionDate "2023.09.30"]
[SourceQuality "1"]

1. e4 c5 2. Nf3 a6 3. d4 cxd4 4. Nxd4 e6 5. Bd3 Nc6 6. Be3 e5 7. Nxc6 dxc6 8. Nd2 Nf6 9. Nc4 Be6 10. Nxe5 Qa5+ 11. c3 Qxe5 12. f4 Qc7 13. f5 Bd7 14. 0-0 0-0-0 15. Qb3 c5 16. Qxf7 Bc6 17. Qe6+ Qd7 18. Bc4 Qxe6 19. Bxe6+ Kb8 20. Bf4+ Ka8 21. e5 Nd5 22. Bg5 Be7 23. f6 gxf6 24. exf6 Bd6 25. f7 Be7 26. Bh6 Nc7 27. Bb3 Bf8 28. Bg5 Rd7 29. Rad1 Rxd1 30. Rxd1 Ka7 31. Bf6 c4 32. Bxc4 Bc5+ 33. Kf1 Rf8 34. Bd4 Bxd4 35. Rxd4 b5 36. Bb3 Kb6 37. Rg4 Bd5 38. Bxd5 Nxd5 39. Rg7 h5 40. Rh7 Nf4 41. g3 Nd3 42. Ke2 Nxb2 43. Ke3 Nc4+ 44. Kf4 Kc7 45. Kg5 Ne5 46. Kf6 Nd7+ 47. Ke6 Kd8 48. Rxh5 Nb6 49. Rg5 Na8 50. Rg8 Nc7+ 51. Kd6 Ne8+ 52. fxe8Q+ Rxe8 53. Rxe8+ Kxe8 54. Kc6 Ke7 55. Kb6 1-0

[Event "BL 2223 (Women)"]
[Site "Germany"]
[Date "2023.05.01"]
[Round "11.4"]
[White "Movsesian, Julia"]
[Black "Brandt, Carina"]
[Result "1/2-1/2"]
[WhiteElo "2251"]
[BlackElo "2041"]
[PlyCount "72"]
[EventDate "2022.10.15"]
[EventType "team-tourn"]
[EventRounds "11"]
[EventCountry "GER"]
[SourceTitle "EXT 2024"]
[Source "ChessBase"]
[SourceDate "2023.10.10"]
[SourceVersion "1"]
[SourceVersionDate "2023.10.10"]
[SourceQuality "1"]
[WhiteTeam "Rodewisch (W)"]
[BlackTeam "Harksheide (W)"]
[WhiteTeamCountry "GER"]
[BlackTeamCountry "GER"]

1. e4 e6 2. d4 d5 3. Nc3 Bb4 4. exd5 exd5 5. Qf3 Nc6 6. Bb5 Nge7 7. Nge2 0-0 8. Bd2 Bf5 9. 0-0-0 a6 10. Bd3 Bxd3 11. Qxd3 Na5 12. a3 Bxc3 13. Bxc3 Nc4 14. h4 Re8 15. h5 b5 16. b3 Nd6 17. Ng3 Qd7 18. Qf3 Ndf5 19. h6 g6 20. Bb4 Nxg3 21. fxg3 Qf5 22. Qc3 a5 23. Bxa5 Ra6 24. Rdf1 Qg5+ 25. Kb2 Rc6 26. Qd3 Nf5 27. Bd2 Qxg3 28. Re1 Ra8 29. Rh3 Qxd3 30. Rxd3 Rca6 31. Bf4 Rxa3 32. g4 Ra2+ 33. Kc3 b4+ 34. Kxb4 Rxc2 35. gxf5 Rb8+ 36. Ka3 Ra8+ 1/2-1/2

[Event "BL 2223 (Women)"]
[Site "Germany"]
[Date "2022.10.15"]
[Round "1.5"]
[White "Heinemann, Josefine"]
[Black "Brandt, Carina"]
[Result "1-0"]
[WhiteElo "2318"]
[BlackElo "2041"]
[PlyCount "71"]
[EventDate "2022.10.15"]
[EventType "team-tourn"]
[EventRounds "11"]
[EventCountry "GER"]
[SourceTitle "EXT 2024"]
[Source "ChessBase"]
[SourceDate "2023.10.10"]
[SourceVersion "1"]
[SourceVersionDate "2023.10.10"]
[SourceQuality "1"]
[WhiteTeam "Baden-Baden (W)"]
[BlackTeam "Harksheide (W)"]
[WhiteTeamCountry "GER"]
[BlackTeamCountry "GER"]

1. e4 e6 2. d4 d5 3. Nd2 c5 4. Ngf3 Nf6 5. exd5 exd5 6. Bb5+ Bd7 7. Bxd7+ Nbxd7 8. 0-0 Be7 9. dxc5 a5 10. Nd4 0-0 11. c6 Nc5 12. cxb7 Ra6 13. Qe2 Re8 14. N2f3 Qc7 15. Be3 Qxb7 16. c3 Rb6 17. Rab1 a4 18. Qc2 Nfe4 19. Nf5 Bf6 20. Ng3 Ra6 21. Nxe4 Nxe4 22. Bd4 Qc6 23. Bxf6 Qxf6 24. a3 Qh6 25. Rbd1 Qh5 26. Rd3 Rd8 27. Rd4 f5 28. Qd1 Rad6 29. Rxa4 f4 30. Re1 Qf5 31. Rd4 Re8 32. Qd3 Rde6 33. Rxd5 Nd2 34. Qxd2 Rxe1+ 35. Nxe1 Qb1 36. Rd8 1-0

[Event "Hamburg-chT Landesliga 2122"]
[Site "Hamburg"]
[Date "2022.03.27"]
[Round "6.4"]
[White "Brandt, Carina"]
[Black "Schiele, Lars"]
[Result "1/2-1/2"]
[WhiteElo "2078"]
[BlackElo "2063"]
[PlyCount "89"]
[EventDate "2021.10.31"]
[EventType "team-tourn"]
[EventRounds "9"]
[EventCountry "GER"]
[SourceTitle "EXT 2023"]
[Source "ChessBase"]
[SourceDate "2022.10.05"]
[SourceVersion "1"]
[SourceVersionDate "2022.10.05"]
[SourceQuality "1"]
[WhiteTeam "Fischbek"]
[BlackTeam "Weisse Dame"]
[WhiteTeamCountry "GER"]
[BlackTeamCountry "GER"]

1. e4 e5 2. Nf3 Nc6 3. Bc4 Bc5 4. c3 Nf6 5. b4 Bb6 6. d3 d6 7. 0-0 0-0 8. Nbd2 Ne7 9. d4 Ng6 10. Re1 c6 11. Bf1 Re8 12. a4 d5 13. a5 Bc7 14. Qc2 exd4 15. cxd4 dxe4 16. Nxe4 Bg4 17. b5 Bxf3 18. gxf3 Nxe4 19. Rxe4 Qd6 20. f4 Nh4 21. Rxe8+ Rxe8 22. Be3 Qd5 23. Qc5 Qe4 24. Qh5 Nf3+ 25. Kh1 Ne1+ 26. Kg1 Nc2 27. Bg2 Qd3 28. Rd1 Qxb5 29. Qxb5 cxb5 30. Bxb7 Bxa5 31. Bc6 Rb8 32. Bc1 Bc3 33. d5 a6 34. d6 Nd4 35. Be4 Rd8 36. Ba3 Ne6 37. f5 Nd4 38. Bc5 b4 39. Kg2 a5 40. Rd3 a4 41. Bxb4 Bxb4 42. Rxd4 Bxd6 43. Rxa4 Kf8 44. Ra7 Be5 45. Ra8 1/2-1/2

[Event "BL 1920 (Women)"]
[Site "Germany"]
[Date "2021.09.04"]
[Round "10.4"]
[White "Arakhamia Grant, Ketevan"]
[Black "Brandt, Carina"]
[Result "1-0"]
[WhiteElo "2376"]
[BlackElo "2060"]
[PlyCount "77"]
[EventDate "2019.09.14"]
[EventType "team-tourn"]
[EventRounds "11"]
[EventCountry "GER"]
[SourceTitle "EXT 2022"]
[Source "ChessBase"]
[SourceDate "2021.10.06"]
[SourceVersion "1"]
[SourceVersionDate "2021.10.06"]
[SourceQuality "1"]
[WhiteTeam "Baden-Baden (W)"]
[BlackTeam "Harksheide (W)"]
[WhiteTeamCountry "GER"]
[BlackTeamCountry "GER"]

1. e4 e6 2. d4 d5 3. Nc3 Bb4 4. e5 c5 5. a3 Bxc3+ 6. bxc3 Ne7 7. a4 Bd7 8. Nf3 Nbc6 9. Bd3 h6 10. 0-0 c4 11. Be2 Qa5 12. Qd2 Nd8 13. Ba3 Bxa4 14. Bb4 Qa6 15. Nh4 b5 16. f4 Ndc6 17. Bc5 Qc8 18. g4 g6 19. Kh1 Qd7 20. f5 exf5 21. gxf5 gxf5 22. Bh5 Qe6 23. Rg1 Rg8 24. Rxg8+ Nxg8 25. Rg1 0-0-0 26. Nxf5 Kb8 27. Nd6 Nge7 28. Bxf7 Qh3 29. Rg2 Qf3 30. Kg1 b4 31. cxb4 c3 32. Qc1 Nf5 33. Nxf5 Qxf5 34. Bg6 Qf3 35. Bd3 Re8 36. Rg3 Qh5 37. b5 Nxe5 38. Bd6+ Kc8 39. Bxe5 1-0

[Event "Hamburg-chT Landesliga 1920"]
[Site "Hamburg"]
[Date "2020.03.01"]
[Round "7.28"]
[White "Brandt, Carina"]
[Black "Johannsen, Dennis"]
[Result "0-1"]
[WhiteElo "2070"]
[BlackElo "2117"]
[PlyCount "90"]
[EventDate "2019.09.29"]
[EventType "team-tourn"]
[EventRounds "9"]
[EventCountry "GER"]
[SourceTitle "EXT 2022"]
[Source "ChessBase"]
[SourceDate "2021.10.06"]
[SourceVersion "1"]
[SourceVersionDate "2021.10.06"]
[SourceQuality "1"]

1. e4 c6 2. d4 d5 3. Nd2 dxe4 4. Nxe4 Bf5 5. Ng3 Bg6 6. h4 h6 7. Nf3 Nd7 8. h5 Bh7 9. Bd3 Bxd3 10. Qxd3 e6 11. Bd2 Ngf6 12. 0-0-0 Be7 13. Kb1 Qc7 14. Ne4 Nxe4 15. Qxe4 Nf6 16. Qe2 0-0-0 17. g3 Rhe8 18. c4 c5 19. Bc3 cxd4 20. Nxd4 Qb6 21. f4 Bb4 22. c5 Bxc5 23. Rc1 Rd5 24. Nb3 Kb8 25. Qc4 Bd6 26. Be5 Rd8 27. Rc3 Bxe5 28. fxe5 Nd7 29. Rhc1 a6 30. Qg4 Nxe5 31. Qxg7 Qf2 32. Qxh6 Nd3 33. R1c2 Qf5 34. Qg7 Qxh5 35. Rc7 Nb4 36. Rc1 Qf5+ 37. Ka1 Rd1 38. a3 Nc2+ 39. Ka2 Kxc7 40. Qc3+ Kb8 41. Rxc2 Qd5 42. Qc7+ Ka8 43. Rc5 Qd3 44. Nc1 Qd7 45. Qf4 Rc8 0-1

[Event "GER-chT Federal Cup (Women)"]
[Site "Braunfels"]
[Date "2019.06.20"]
[Round "1.17"]
[White "Brandt, Carina"]
[Black "Khrapko, Marharyta"]
[Result "1/2-1/2"]
[WhiteElo "2085"]
[BlackElo "2129"]
[PlyCount "134"]
[EventDate "2019.06.20"]
[EventType "team-swiss"]
[EventRounds "5"]
[EventCountry "GER"]
[SourceTitle "CBM 191 Extra"]
[Source "ChessBase"]
[SourceDate "2019.09.30"]
[SourceVersion "1"]
[SourceVersionDate "2019.09.30"]
[SourceQuality "1"]

1. e4 c5 2. c3 Nf6 3. e5 Nd5 4. Nf3 Nc6 5. d4 d6 6. Bc4 e6 7. 0-0 Be7 8. Nbd2 0-0 9. Ne4 dxe5 10. Nxe5 cxd4 11. Nxc6 bxc6 12. Qxd4 Qb6 13. Qd3 Qc7 14. Re1 a5 15. Bb3 Ba6 16. Qf3 Rad8 17. Bc2 h6 18. Bxh6 gxh6 19. Qg4+ Kh8 20. Qh5 Qf4 21. g3 Rg8 22. Kh1 Nf6 23. Qxf7 Qf3+ 24. Kg1 Rg7 25. Qxe6 Bc8 26. Bd1 Rxd1 27. Qxc8+ Rg8 28. Qxg8+ Kxg8 29. Nxf6+ Qxf6 30. Raxd1 Bc5 31. Rd2 a4 32. Re4 a3 33. Rg4+ Kh8 34. Kg2 axb2 35. Rxb2 h5 36. Ra4 Kg7 37. Rb7+ Kg6 38. Rf4 Qxc3 39. Rf3 Qc4 40. Rc7 Qd5 41. a4 Bb4 42. h3 c5 43. g4 h4 44. Ra7 c4 45. Ra6+ Bd6 46. a5 c3 47. Rxd6+ Qxd6 48. Rxc3 Qd5+ 49. Kg1 Qxa5 50. Rf3 Qe1+ 51. Kh2 Qe5+ 52. Kg1 Qd5 53. Rf5 Qe4 54. Kh2 Kg7 55. Kg1 Qd3 56. Kg2 Qe2 57. Kg1 Qd1+ 58. Kg2 Qd3 59. Kh2 Qf1 60. Rf3 Qd1 61. Rf5 Qe1 62. Kg2 Qe4+ 63. Kh2 Qd3 64. Kg2 Qd6 65. Kg1 Qd1+ 66. Kg2 Qd6 67. Kg1 Qd1+ 1/2-1/2

[Event "BL 1819 (Women)"]
[Site "Germany"]
[Date "2019.02.10"]
[Round "8.4"]
[White "Goehler, Antje"]
[Black "Brandt, Carina"]
[Result "1-0"]
[WhiteElo "2095"]
[BlackElo "2087"]
[PlyCount "63"]
[EventDate "2018.10.27"]
[EventType "team-tourn"]
[EventRounds "11"]
[EventCountry "GER"]
[SourceTitle "CBM 189 Extra"]
[Source "ChessBase"]
[SourceDate "2019.06.03"]
[SourceVersion "1"]
[SourceVersionDate "2019.06.03"]
[SourceQuality "1"]
[WhiteTeam "Pankow Rotation (W)"]
[BlackTeam "Harksheide (W)"]
[WhiteTeamCountry "GER"]
[BlackTeamCountry "GER"]

1. d4 Nf6 2. Nf3 g6 3. c4 Bg7 4. Nc3 0-0 5. e4 d6 6. Be2 e5 7. dxe5 dxe5 8. Qxd8 Rxd8 9. Bg5 c6 10. 0-0 Nbd7 11. Rad1 Re8 12. b4 Bf8 13. c5 a5 14. a3 Nh5 15. Nd2 Nf4 16. Nc4 axb4 17. axb4 Ne6 18. Be3 f5 19. exf5 gxf5 20. Bh5 Re7 21. f4 Nf6 22. Be2 e4 23. Nb6 Rb8 24. Bc4 Kf7 25. Rd8 Re8 26. Rxe8 Nxe8 27. Nxe4 fxe4 28. f5 Ke7 29. fxe6 Nf6 30. Bf4 Bxe6 31. Bd6+ Kf7 32. Bxb8 1-0

[Event "BL 1819 (Women)"]
[Site "Germany"]
[Date "2019.01.12"]
[Round "5.4"]
[White "Zatonskih, Anna"]
[Black "Brandt, Carina"]
[Result "1-0"]
[WhiteElo "2431"]
[BlackElo "2087"]
[PlyCount "51"]
[EventDate "2018.10.27"]
[EventType "team-tourn"]
[EventRounds "11"]
[EventCountry "GER"]
[SourceTitle "CBM 188 Extra"]
[Source "ChessBase"]
[SourceDate "2019.02.26"]
[SourceVersion "1"]
[SourceVersionDate "2019.02.26"]
[SourceQuality "1"]
[WhiteTeam "Baden-Baden (W)"]
[BlackTeam "Harksheide (W)"]
[WhiteTeamCountry "GER"]
[BlackTeamCountry "GER"]

1. d4 Nf6 2. Nf3 g6 3. g3 Bg7 4. Bg2 0-0 5. 0-0 d6 6. Re1 Nc6 7. e4 e5 8. c3 Nd7 9. Na3 a5 10. Be3 f5 11. Bg5 Bf6 12. Bxf6 Rxf6 13. exf5 Rxf5 14. Nc4 Qf8 15. dxe5 Ndxe5 16. Nfxe5 Nxe5 17. Nxe5 dxe5 18. Qd5+ Kg7 19. Rxe5 Rxf2 20. Qd4 Rf6 21. Rae1 Bf5 22. Re7+ Kh8 23. Re8 Rxe8 24. Rxe8 Qxe8 25. Qxf6+ Kg8 26. Bd5+ 1-0

[Event "GER-chT Federal Cup (Women)"]
[Site "Braunfels"]
[Date "2018.06.01"]
[Round "2.3"]
[White "Brandt, Carina"]
[Black "Ries, Jutta"]
[Result "1-0"]
[WhiteElo "2048"]
[BlackElo "2016"]
[PlyCount "71"]
[EventDate "2018.05.31"]
[EventType "team-swiss"]
[EventRounds "5"]
[EventCountry "GER"]
[SourceTitle "EXT 2020"]
[Source "ChessBase"]
[SourceDate "2019.10.17"]
[SourceVersion "1"]
[SourceVersionDate "2019.10.17"]
[SourceQuality "1"]
[WhiteTeam "Hamburg (W)"]
[BlackTeam "Hessen (W)"]
[WhiteTeamCountry "GER"]
[BlackTeamCountry "GER"]

1. e4 Nf6 2. e5 Nd5 3. d4 d6 4. c4 Nb6 5. exd6 exd6 6. Bd3 Be7 7. Nc3 Nc6 8. Nge2 Bg4 9. Be3 0-0 10. Qc2 g6 11. a3 Re8 12. 0-0 Bf6 13. h3 Bxe2 14. Nxe2 Qd7 15. Rad1 d5 16. c5 Nc8 17. Bb5 N8e7 18. b4 a5 19. Qb3 axb4 20. axb4 Nf5 21. Nf4 Red8 22. g4 Nh4 23. f3 Nxd4 24. Bxd7 Nxb3 25. Nxd5 Kg7 26. Nxf6 Kxf6 27. Bf4 g5 28. Bxc7 Rg8 29. f4 Ke7 30. Rfe1+ Kf6 31. Be5+ Ke7 32. Re3 Nc1 33. Bb2+ Kd8 34. Bf5+ Kc7 35. Be5+ Kc6 36. Bd7# 1-0

[Event "GER-chT Federal Cup (Women)"]
[Site "Braunfels"]
[Date "2018.06.01"]
[Round "3.3"]
[White "Mira, Helene"]
[Black "Brandt, Carina"]
[Result "1-0"]
[WhiteElo "2075"]
[BlackElo "2048"]
[PlyCount "87"]
[EventDate "2018.05.31"]
[EventType "team-swiss"]
[EventRounds "5"]
[EventCountry "GER"]
[SourceTitle "EXT 2020"]
[Source "ChessBase"]
[SourceDate "2019.10.17"]
[SourceVersion "1"]
[SourceVersionDate "2019.10.17"]
[SourceQuality "1"]
[WhiteTeam "Wuerttemberg (W)"]
[BlackTeam "Hamburg (W)"]
[WhiteTeamCountry "GER"]
[BlackTeamCountry "GER"]

1. Nf3 Nf6 2. c4 g6 3. Nc3 Bg7 4. e4 d6 5. d4 0-0 6. Be2 e5 7. 0-0 Nc6 8. d5 Ne7 9. Ne1 Ne8 10. Nd3 f5 11. f3 Nf6 12. c5 f4 13. Bd2 g5 14. Kh1 Ng6 15. Rg1 Nh5 16. g4 fxg3 17. hxg3 Qf6 18. Kg2 dxc5 19. Rh1 c4 20. Rxh5 cxd3 21. Bxd3 g4 22. Be2 Bd7 23. Be3 gxf3+ 24. Bxf3 Rf7 25. Bg4 Nf4+ 26. Bxf4 exf4 27. e5 Bxg4 28. Qxg4 Qb6 29. Rb1 f3+ 30. Kh3 Qf2 31. Ne4 Qg2+ 32. Kh4 Qh2+ 33. Kg5 h6+ 34. Kg6 Qc2 35. Rf5 Raf8 36. Rxf7 Rxf7 37. Rf1 Qe2 38. e6 Re7 39. Rxf3 Qxb2 40. Rf7 Qa3 41. d6 Re8 42. Rxg7+ Kh8 43. Rh7+ Kg8 44. Kxh6+ 1-0

[Event "BL2 West 1718 (Women)"]
[Site "Germany"]
[Date "2018.01.28"]
[Round "5.2"]
[White "Engels, Natia"]
[Black "Brandt, Carina"]
[Result "1/2-1/2"]
[WhiteElo "2127"]
[BlackElo "2066"]
[PlyCount "77"]
[EventDate "2017.10.14"]
[EventType "team-tourn"]
[EventRounds "7"]
[EventCountry "GER"]
[SourceTitle "EXT 2019"]
[Source "ChessBase"]
[SourceDate "2018.10.10"]
[SourceVersion "1"]
[SourceVersionDate "2018.10.10"]
[SourceQuality "1"]
[WhiteTeam "Steinfurt (W)"]
[BlackTeam "Norderstedt Harksheide (W)"]
[WhiteTeamCountry "GER"]
[BlackTeamCountry "GER"]

1. d4 Nf6 2. c4 g6 3. Nc3 Bg7 4. e4 d6 5. f3 0-0 6. Be3 e5 7. d5 Nbd7 8. Qd2 Ne8 9. 0-0-0 f5 10. exf5 gxf5 11. Bg5 Bf6 12. h4 a5 13. Bd3 Nc5 14. Bc2 Rf7 15. Nh3 Bd7 16. Rdg1 Bxg5 17. hxg5 Qe7 18. g6 hxg6 19. g4 Qf6 20. gxf5 Bxf5 21. Bxf5 Qxf5 22. Rg5 Qd3 23. Rhg1 Qxd2+ 24. Kxd2 Rxf3 25. Rxg6+ Kf8 26. Rh6 Rf7 27. Rh8+ Ke7 28. Rgg8 Kd7 29. Ke3 Rd8 30. Ng5 Rg7 31. Rxg7+ Nxg7 32. Rh7 Rg8 33. Nce4 Nxe4 34. Kxe4 Ke7 35. Ne6 Kf6 36. Rh6+ Ke7 37. Rh7 Kf6 38. Rh6+ Ke7 39. Rh7 1/2-1/2